00998pam a2200289 a 4500001000800000005001700008008004100025010001700066020002000083020002100103040001800124050002500142082002000167100003500187245005900222260003500281300002100316500005100337500003300388504006100421630003300482650002300515700002800538942001200566999001700578952011300595157951319931110090742.1930706s1974 nyu | b 00| 0 eng d a 93027974  a0851109799 (UK) a0830812342 (USA) aDLCcDLCdDLC00aBS1275.3b.B766 199300a338.19222bBRO1 aBrown, Lester R.d1928-91043214aBy Bread Alone /cLester R. Brown with Erik P. Eckholm aNew York:bPraeger Pub.,c19742 a272 p. ;c21 cm. aPublished for the Overseas Development Council aDonated by: Alaa Abdel Ghany aIncludes bibliographical references p. 255-262 and index00aBible.xCommentaries.910380 910434aFood Supply 910433aEckholm, Erik P. 2ddccBB c13138d13138 00102ddc40708 aMAINbMAINc1STd2010-01-17eDonationl0o338.19 BROp000019396r2025-07-15 00:00:00yBB